ბათუმის შოთა რუსთაველის სახელმწიფო უნივერსიტეტის ბიბლიოთეკა

CHOC des Cultures / (ბიბ.ჩანაწერი № 41229)

000 -LEADER
fixed length control field 00636nam a2200229Ia 4500
001 - CONTROL NUMBER
control field 7881
003 - CONTROL NUMBER IDENTIFIER
control field GE_BSU
005 - DATE AND TIME OF LATEST TRANSACTION
control field 20220930094111.0
008 - FIXED-LENGTH DATA ELEMENTS--GENERAL INFORMATION
fixed length control field 181216s1997fe xx |||||||||||||| ||fre||
020 ## - INTERNATIONAL STANDARD BOOK NUMBER
International Standard Book Number 9788723901750
040 ## - CATALOGING SOURCE
Transcribing agency GE_BSU
041 ## - LANGUAGE CODE
Language code of text/sound track or separate title fre
080 ## - UNIVERSAL DECIMAL CLASSIFICATION NUMBER
Universal Decimal Classification number 821.133.1 H-19
100 ## - MAIN ENTRY--PERSONAL NAME
Personal name Hallum, Annette
9 (RLIN) 14904
245 ## - TITLE STATEMENT
Title CHOC des Cultures /
Statement of responsibility, etc. Annette Hallum,
264 ## - PRODUCTION, PUBLICATION, DISTRIBUTION, MANUFACTURE, AND COPYRIGHT NOTICE
Place of production, publication, distribution, manufacture Paris :
Name of producer, publisher, distributor, manufacturer Teen Readers,
Date of production, publication, distribution, manufacture, or copyright notice 1997.
300 ## - PHYSICAL DESCRIPTION
Extent 68 p:
Other physical details ill;
Dimensions 19 cm.
653 ## - INDEX TERM--UNCONTROLLED
keyword CHOC des Cultures
653 ## - INDEX TERM--UNCONTROLLED
keyword კულტურული შოკი
653 ## - INDEX TERM--UNCONTROLLED
keyword ფრანგული ლიტერაურა
942 ## - ADDED ENTRY ELEMENTS (KOHA)
Koha item type წიგნი
Source of classification or shelving scheme
ეგზემპლარები
Withdrawn status Lost status Source of classification or shelving scheme Damaged status Not for loan Permanent Location Current Location Shelving location Date acquired Cost, normal purchase price Full call number Barcode Date last seen Copy number Price effective from Koha item type Public note
          ბათუმის შოთა რუსთაველის სახელმწიფო უნივერსიტეტის მთავარი ბიბლიოთეკა ბათუმის შოთა რუსთაველის სახელმწიფო უნივერსიტეტის მთავარი ბიბლიოთეკა წიგნსაცავი 2018-12-17 86.00 821.133.1 H-19 24339 2018-12-17 24339 2018-12-17 წიგნი 86 gel.
          ბათუმის შოთა რუსთაველის სახელმწიფო უნივერსიტეტის მთავარი ბიბლიოთეკა ბათუმის შოთა რუსთაველის სახელმწიფო უნივერსიტეტის მთავარი ბიბლიოთეკა წიგნსაცავი 2018-12-17 86.00 821.133.1 H-19 24342 2018-12-17 24342 2018-12-17 წიგნი 86 gel.
          ბათუმის შოთა რუსთაველის სახელმწიფო უნივერსიტეტის მთავარი ბიბლიოთეკა ბათუმის შოთა რუსთაველის სახელმწიფო უნივერსიტეტის მთავარი ბიბლიოთეკა წიგნსაცავი 2018-12-17 86.00 821.133.1 H-19 24341 2018-12-17 24341 2018-12-17 წიგნი 86 gel.
          ბათუმის შოთა რუსთაველის სახელმწიფო უნივერსიტეტის მთავარი ბიბლიოთეკა ბათუმის შოთა რუსთაველის სახელმწიფო უნივერსიტეტის მთავარი ბიბლიოთეკა წიგნსაცავი 2018-12-17 86.00 821.133.1 H-19 24340 2018-12-17 24340 2018-12-17 წიგნი 86 gel.